| 000 | 01391nam a2200301 4500 | ||
|---|---|---|---|
| 001 | 0000020674 | ||
| 003 | CO-CtgCURN | ||
| 005 | 20250509154256.0 | ||
| 007 | ta | ||
| 008 | 160627s1995 000 0 eng d | ||
| 020 | _a847698331X | ||
| 040 |
_aCO-CtgCURN _bspa _ccoctgcurn |
||
| 082 | 0 |
_a341 _bP65c |
|
| 100 | 1 | _aPons, Xavier. | |
| 245 | 1 | 0 | _aCodificacion y Desarrollo Progresivo Del Derecho Relativo A Las Organizaciones Internacionales. |
| 260 |
_aMadrid : _bJosé María Bosch, _c1995. |
||
| 300 | _a151 p. | ||
| 336 | _2rdacontent | ||
| 337 |
_2rdamedia _asin mediacion _bn |
||
| 338 |
_2rdacarrier _avolumen _bnc |
||
| 490 | 1 |
_aCuaderno de catedra ; _v3 |
|
| 500 | _aIncluye anexos. | ||
| 505 | 8 | _aLas organizaciones internacionales y el derecho relativo a las organizaciones internacionales.--Los Problemas que plantea la codificacion del derecho relativo a las organizaciones internacionales.--La codificacion del derecho relativo a las organizaciones internacionales en el ambito del derecho de los tratados.--La codificacion del derecho relativo a las organizaciones internacionales en el ambito del derecho diplomatico.--La codificacion del derecho internacionales en otros ambitos materiales | |
| 650 | 1 | 4 | _aDerecho internacional. |
| 908 | _a160627 | ||
| 942 |
_cBK _h341 _iP65c _2ddc _n0 |
||
| 999 |
_c18869 _d18869 |
||